[Event "Oberliga Bayern 1011"]
[Site "Germany"]
[Date "2011.04.10"]
[Round "9.4"]
[White "Diekers, Michael"]
[Black "Schmid, Franz"]
[Result "1/2-1/2"]
[WhiteElo "2133"]
[BlackElo "2152"]
[PlyCount "28"]
[EventDate "2010.10.10"]
[EventType "team-tourn"]
[EventRounds "9"]
[EventCountry "GER"]
[SourceTitle "EXT 2012"]
[Source "ChessBase"]
[SourceDate "2011.11.24"]
[SourceVersion "1"]
[SourceVersionDate "2011.11.24"]
[SourceQuality "1"]
[WhiteTeam "Puschendorf"]
[BlackTeam "Passau"]
[WhiteTeamCountry "GER"]
[BlackTeamCountry "GER"]

1. Nf3 e6 2. c4 Nf6 3. Nc3 Bb4 4. Qc2 c5 5. a3 Ba5 6. e3 0-0 7. Be2 Nc6 8. 0-0 e5 9. Rd1 d6 10. d4 Bxc3 11. Qxc3 Qe7 12. dxe5 dxe5 13. b3 Bg4 14. Qc2 Rfd8 1/2-1/2